000 00774nam a22002417a 4500
003 DO-SdBNP
005 20240226142655.0
007 ta
008 230601b1944 dr ||||| |||| 00| 0 spa d
040 _aDO-SdBNP
_bspa
_cBNPHU
_erda
082 4 _222
100 1 _aCartagena Portalatín, Aída,
_d1918-1994
_eautor
_923557
245 1 0 _aVispera del sueño :
_bpoemas para un atardecer /
_cAída Cartagena Portalatín
264 1 _aCiudad Trujillo, República Dominicana :
_bLa poesía sorprendida,
_c1944
300 _a11 páginas
_c31 cm.
336 _2rdacontent
_atexto
_btxt
337 _2rdamedia
_asin mediación
_bn
338 _2rdacarrier
_avolumen
_bnc
490 _aEl desvelado solitario
590 _aInventariado, 2023/BT
910 _aBtavárez
942 _2ddc
_cLF2
999 _c53684
_d53684